<?xml version="1.0" encoding="UTF-8"?>
<collection xmlns="http://www.loc.gov/MARC21/slim">
 <record>
  <leader>01534nab a2200265 i 4500</leader>
  <controlfield tag="001">publ11877</controlfield>
  <controlfield tag="005">20200225094116.0</controlfield>
  <controlfield tag="008">170831s2010    hu      o     0||   zxx d</controlfield>
  <datafield tag="022" ind1=" " ind2=" ">
   <subfield code="a">1523-7060</subfield>
  </datafield>
  <datafield tag="024" ind1="7" ind2=" ">
   <subfield code="a">10.1021/ol102494m</subfield>
   <subfield code="2">doi</subfield>
  </datafield>
  <datafield tag="024" ind1="7" ind2=" ">
   <subfield code="a">1412123</subfield>
   <subfield code="2">mtmt</subfield>
  </datafield>
  <datafield tag="040" ind1=" " ind2=" ">
   <subfield code="a">SZTE Publicatio Repozitórium</subfield>
   <subfield code="b">hun</subfield>
  </datafield>
  <datafield tag="041" ind1=" " ind2=" ">
   <subfield code="a">zxx</subfield>
  </datafield>
  <datafield tag="100" ind1="1" ind2=" ">
   <subfield code="a">Mándity István M.</subfield>
  </datafield>
  <datafield tag="245" ind1="1" ind2="0">
   <subfield code="a">Building β-peptide H10/12 foldamer helices with six-membered cyclic side-chains</subfield>
   <subfield code="h">[elektronikus dokumentum] :</subfield>
   <subfield code="b">fine-tuning of folding and self-assembly /</subfield>
   <subfield code="c"> Mándity István M.</subfield>
  </datafield>
  <datafield tag="260" ind1=" " ind2=" ">
   <subfield code="a">American Chemical Society</subfield>
   <subfield code="c">2010</subfield>
  </datafield>
  <datafield tag="300" ind1=" " ind2=" ">
   <subfield code="a">5584-5587</subfield>
  </datafield>
  <datafield tag="490" ind1="0" ind2=" ">
   <subfield code="a">ORGANIC LETTERS</subfield>
   <subfield code="v">12 No. 23</subfield>
  </datafield>
  <datafield tag="520" ind1="3" ind2=" ">
   <subfield code="a">The ability of the beta-peptidic H10/12 helix to tolerate side-chains containing six-membered alicyclic rings was studied. cis-2-Aminocyclohex-3-ene carboxylic acid (cis-ACHEC) res dues afforded H10/12 helix formation with alternating backbone configuration. Conformational polymorphism was observed for the alternating cis-ACHC hexamer, where chemical exchange takes place between the major left-handed H10/12 helix and a minor folded conformation. The hydrophobically driven self-assembly was achieved for the cis-ACHC-containing helix which was observed as vesicles similar to 100 nm in diameter.</subfield>
  </datafield>
  <datafield tag="700" ind1="0" ind2="1">
   <subfield code="a">Fülöp Lívia</subfield>
   <subfield code="e">aut</subfield>
  </datafield>
  <datafield tag="700" ind1="0" ind2="1">
   <subfield code="a">Vass Elemér</subfield>
   <subfield code="e">aut</subfield>
  </datafield>
  <datafield tag="700" ind1="0" ind2="1">
   <subfield code="a">Tóth Gábor</subfield>
   <subfield code="e">aut</subfield>
  </datafield>
  <datafield tag="700" ind1="0" ind2="1">
   <subfield code="a">Martinek Tamás A.</subfield>
   <subfield code="e">aut</subfield>
  </datafield>
  <datafield tag="700" ind1="0" ind2="1">
   <subfield code="a">Fülöp Ferenc</subfield>
   <subfield code="e">aut</subfield>
  </datafield>
  <datafield tag="856" ind1="4" ind2="0">
   <subfield code="u">http://publicatio.bibl.u-szeged.hu/11877/1/mandity2010.pdf</subfield>
   <subfield code="z">Dokumentum-elérés </subfield>
  </datafield>
 </record>
</collection>
